| 000 | 00852nam a2200217 a 4500 | ||
|---|---|---|---|
| 005 | 20210603110403.0 | ||
| 008 | 120830s2010 ctua|||gr|||| 00| 0 eng d | ||
| 020 | _a030016131X | ||
| 040 |
_aCO-BoUCM _bspa _cDeissy Garcia _dDeissy Garcia |
||
| 041 | _aeng | ||
| 100 | 1 |
_aLane, Kris E. _9103049 |
|
| 245 | 1 | 0 |
_aColour of paradise _bthe emerald in the age of gunpowder empires _cKris Lane |
| 260 |
_aNew Haven, Connecticut _bYale University Press _c2010 |
||
| 300 |
_axiv, 280, [16] páginas _bilustraciones |
||
| 504 | _aIncluye referencias bibliográficas e índices | ||
| 650 | 7 |
_aEsmeraldas _xColonias _xHistoria _zEspaña _zAmérica _9103771 |
|
| 650 | 7 |
_aEsmeraldas _xHistoria _zColombia _9103772 |
|
| 650 | 7 |
_917719 _aInquisición _zEspaña _zPortugal |
|
| 942 |
_cLIBRO _2DEWEY _a25 _e1 _h553.8609 _mL265c _n0 |
||
| 999 |
_c318735 _d318735 |
||